Orchidaceae na Serra do Ouro Branco, Minas Gerais, Brasil (Registro n. 331274)
[ somente texto ]
| 000 -LÍDER | |
|---|---|
| fixed length control field | 02872nab a2200265 i 4500 |
| 003 - CÓDIGO MARC DA AGÊNCIA CATALOGADORA | |
| Campo de controle | BR-BrBNA |
| 005 - DATA E HORA DA ÚLTIMA ATUALIZAÇÃO | |
| Campo de controle | 20250430085813.0 |
| 008 - CAMPO DE TAMANHO FIXO | |
| fixed length control field | 250430b2017 bl.qr|pooa||| 00| 0 por | |
| 040 ## - FONTE DA CATALOGAÇÃO | |
| Agência catalogadora | BR-BrBNA |
| Idioma da catalogação | por |
| 072 ## - CATEGORIA AGRIS | |
| Código AGRIS | F70 |
| 100 ## - ENTRADA PRINCIPAL - NOME PESSOAL | |
| Nome pessoal | Vieira, Tiago Luiz |
| 100 ## - ENTRADA PRINCIPAL - NOME PESSOAL | |
| Nome pessoal | Barros, Fábio de |
| 245 ## - TÍTULO PRINCIPAL | |
| Título principal | Orchidaceae na Serra do Ouro Branco, Minas Gerais, Brasil |
| 500 ## - NOTA GERAL | |
| Nota geral | Publicação on-line; Bibliography p. 744-747 (79 ref.); 8 illus.; Summaries (En, Pt) |
| 942 ## - ADDED ENTRY ELEMENTS (KOHA) | |
| Koha item type | Analítica |
| 520 ## - NOTA DE RESUMO | |
| Nota de conteúdo | <br/><br/>Resumo<br/><br/>A Serra do Ouro Branco demarca o limite sul da Cadeia do Espinhaço, em Minas Gerais, e está situada em uma<br/>zona de transição entre os domínios Atlântico e do Cerrado. O objetivo deste estudo foi realizar o levantamento<br/>florístico da família Orchidaceae na Serra do Ouro Branco, município de Ouro Branco, Minas Gerais, Brasil.<br/>Foram registrados 36 gêneros e 75 espécies para a área. Os gêneros mais representativos foram Habenaria<br/>(17 spp.), Cleistes (7 spp.), Acianthera e Epidendrum (6 spp. cada). A elevada riqueza de Orchidaceae em<br/>uma área relativamente pequena evidencia a importância florística da família em si e, também, a relevância<br/>ambiental da área de estudo. São apresentadas chaves de identificação, descrições, ilustrações esquemáticas<br/>das peças do perianto, e comentários sobre os gêneros e espécies.<br/><br/>Palavras-chave: Cadeia do Espinhaço, campo rupestre, florística, orquídeas, taxonomia.<br/><br/><br/><br/><br/><br/>Abstract<br/><br/>The Serra do Ouro Branco delimitates the southern geographical boundary of the Espinhaço Range, in the<br/>state of Minas Gerais, and is located in a transition zone between the Atlantic Forest and Cerrado domains.<br/>This paper presents the floristic survey of the Orchidaceae from Serra do Ouro Branco, municipality of Ouro<br/>Branco, state of Minas Gerais, Brazil. We recorded 36 genera and 75 species in the study area. The most<br/>representative genera were Habenaria (17 spp.), Cleistes (7 spp.), Acianthera and Epidendrum (6 spp. each).<br/>Such elevated richness in a relatively small area, highlights the floristic significance of Orchidaceae and<br/>the environmental relevance of the study area. Identification keys, morphological descriptions, schematic<br/>illustrations of the perianth, and comments of the genera and species are presented.<br/><br/>Key words: Espinhaço Range, rocky outcrops, floristic treatment, orchids, taxonomy |
| 650 ## - ASSUNTO - THESAGRO | |
| Cabeçalho tópico ou nome geográfico | CADEIA DO ESPINHAÇO |
| 650 ## - ASSUNTO - THESAGRO | |
| Cabeçalho tópico ou nome geográfico | CAMPO |
| 650 ## - ASSUNTO - THESAGRO | |
| Cabeçalho tópico ou nome geográfico | COMPOSIÇÃO BOTÂNICA |
| 650 ## - ASSUNTO - THESAGRO | |
| Cabeçalho tópico ou nome geográfico | ORQUÍDEA |
| 650 ## - ASSUNTO - THESAGRO | |
| Cabeçalho tópico ou nome geográfico | TAXONOMIA |
| 773 0# - ENTRADA ANALÍTICA | |
| Host Biblionumber | 709 |
| Registro do item | 349998 |
| Imprenta | Rio de Janeiro-RJ Jardim Botanico do Rio de Janeiro 1935 |
| Outro identificador | 2025-2520 |
| Título | Rodriguésia (Brazil) |
| ISSN | 0370-6583; 2175-7860 on-line |
| Colação | v. 68(2) p. 691-747; (2017) |
| Número de controle de registro | BR2025000804 |
| 856 ## - ACESSO E ENDEREÇO ELETRÔNICO | |
| Identificador uniforme de recurso - URI | https://www.scielo.br/j/rod/a/F7w6Stqr8Q7ktJD6g7mJqdK/?format=pdf&lang=pt |
Nenhum exemplar disponível.

BINAGRI